| Registos Bibliográficos associados ao registo de autoridade |
|
Etiqueta de registo: 00000nam 2200025 450 001 2288476 003 http://id.bnportugal.gov.pt/bib/catbnp/2288476 100 ## $a20260622d2023 k y0pory01030103ba 101 0# $aeng$dpor 102 ## $aPT 105 ## $aa m 000yy 106 ## $ar 200 1# $aAmbiguous characters in film narrative$ethe synchronistic relationship between similar characters$fYu Yang$gorient. José Alberto Olivença Duarte 210 #9 $aLisboa$c[s.n.],$d2023 215 ## $aXVI, 211 p.$cil.$d30 cm 328 #1 $aTese dout. Artes, Faculdade de Belas-Artes, Universidade de Lisboa, 2023 700 #1 $aYang,$bYu$32001242 702 #1 $aDuarte,$bJosé Alberto Olivença$4727$31451793 801 #0 $aPT$bBN$gRPC 966 ## $lBN$mFGMON$x1 971 ## $corlando$d20260622
|
|
|